Strommix Deutschland 2004 - Statistiken

Allgemein
  • Dieses Quiz wurde 11 mal gespielt
  • Das Durchschnittsergebnis liegt bei 1 aus 7
Antwortstatistiken
Frage Antwort % Korrekt
Wer ist mit 49% auf Platz 1 in Deutschland? Kohle
100%
Wer ist mit 30% auf Platz 2 in Deutschland? Atom
0%
Wer ist mit 1,5% auf Platz 6 in Deutschland? Biomasse
0%
Wer ist mit 8,5% auf Platz 3 in Deutschland? Erdgas
0%
Wer ist mit 0,1% auf Platz 7 in Deutschland? Solar/Photovoltaik
0%
Wer ist mit 3,9% auf Platz 5 in Deutschland? Wasserkraft
0%
Wer ist mit 4,8% auf Platz 4 in Deutschland? Windenergie
0%
Keine übereinstimmenden Quizze gefunden
Verteilung der Resultate
Anzahl Personen mit jedem Resultat
Perzentil nach korrekt beantworteten Fragen
Ihre Resultats-Entwicklung
Sie haben dieses Quiz noch nicht gespielt